|
|
|
|
| LEADER |
00000nam0a2200000 4500 |
| 001 |
263980 |
| 005 |
20231101233805.0 |
| 010 |
|
|
|a 5244001167
|
| 035 |
|
|
|a (RuTPU)RU\TPU\book\286971
|
| 090 |
|
|
|a 263980
|
| 100 |
|
|
|a 20140616d1988 m y0rusy50 ca
|
| 101 |
0 |
|
|a rus
|
| 102 |
|
|
|a RU
|
| 105 |
|
|
|a y j 001zy
|
| 200 |
1 |
|
|a Произведение К. Маркса, Ф. Энгельса, В. И. Ленина в курсе научного коммунизма
|e учебное пособие
|f Академия общественных наук при ЦК КПСС ; под ред. М. П. Шендрика
|
| 205 |
|
|
|a 2-е изд., перераб. и доп.
|
| 210 |
|
|
|a Москва
|c Мысль
|d 1988
|
| 215 |
|
|
|a 191 с.
|
| 333 |
|
|
|a Исключено из фонда НТБ ТПУ
|
| 702 |
|
1 |
|a Шендрик
|b М. П.
|4 340
|
| 712 |
0 |
2 |
|a Академия общественных наук при ЦК КПСС
|9 25033
|
| 801 |
|
1 |
|a RU
|b 63413507
|c 20140616
|
| 801 |
|
2 |
|a RU
|b 63413507
|c 20220314
|g RCR
|
| 942 |
|
|
|c BK
|